00676nam a22002057a 4500003000400000008004100004082001600045100002200061245011100083260006800194300001000262502001700272650001700289650001100306650001100317650001100328942001100339999001700350952010300367OSt260429b |||||||| |||| 00| 0 eng d a634.1bT30E aThakur, Surendra. aEffect of Different Growth Regulators on Bearing of Litchi (Litchi chinensis Sonn.) / cby Surendra Thakur a.- Sabour, Bhagalpurb: Bihar Agricultural College, RAUc, 1987 a116p. bPh. D.d1987 aHorticulture aLitchi aThesis aPh. D. 2ddccT c50310d50310 00102ddc4070aRAUbRAUd2026-04-29g0.00l0o634.1 T30Ep41699r2026-04-29w2026-04-29yTkGift